Outsourcing služieb v oblasti IT na Slovensku

Salvato in:
Dettagli Bibliografici
Autore principale: Sudzina, František
Altri autori: Karas, Ľubomír
Natura: Capitolo di libro
Tags: Aggiungi Tag
Nessun Tag, puoi essere il primo ad aggiungerne!!

MARC

LEADER 00000nla$a2200000$$$4500
001 0061438
005 20240502071705.2
044 |a SK 
245 1 0 |a Outsourcing služieb v oblasti IT na Slovensku  |c František Sudzina, Ľubomír Karas 
100 1 |a Sudzina, František 
700 1 |a Karas, Ľubomír